| 000 | 00836nam a22001817a 4500 | ||
|---|---|---|---|
| 005 | 20240927111250.0 | ||
| 010 | _aHIN-128423 | ||
| 020 |
_a9789355431967 _c399.00 |
||
| 035 | _aHN-100769 | ||
| 037 | _bDBAD/PUB | ||
| 082 |
_a158.1 _b1 |
||
| 100 |
_aसुज़ुकी , नोबुओ _972092 |
||
| 245 |
_aवाबी साबी : _bअपूर्ण होने का विवेक / _cनोबुओ सुज़ुकी |
||
| 260 |
_aभोपाल _bमंजुल पब्लिशिंग हाउस _c2022 |
||
| 270 |
_aद्वितीय तल ,उषा प्रीत कॉम्प्लेक्स , 42 मालवीय नगर _bभोपाल _e462003 |
||
| 300 |
_a172 पिष्ट. _c19(सजिल्द) |
||
| 942 |
_cHN _2ddc _h158.1 _mसुज़ूकी |
||
| 999 |
_c205965 _d205965 |
||